| 000 | 02471cad a22002655a 4500 | ||
|---|---|---|---|
| 001 | L149986 | ||
| 008 | 100521s2010 xxk f 000 0 eng d | ||
| 035 | _a(Sirsi) u149986 | ||
| 041 | 0 | _aeng | |
| 050 | 0 | 4 | _a333.33 $2 18 |
| 110 | 2 |
_aUnited Kingdom _kLaws, etc _95044 |
|
| 245 | 0 | 4 |
_aThe Energy Performance of Buildings (Certificates and Inspections) (England and Wales) (Amendment) Regulations 2010 _h[electronic resource] |
| 260 |
_aLondon _bOPSI, 2010 |
||
| 490 | 0 |
_aSI _v2010: 1456 |
|
| 520 | _aAmends the "Energy Performance of Buildings (Certificates and Ispections) (England and Wales) Regulations 2007" consequent upon "Home Information Packs (Suspension) Order 2010" suspending the content and provisions of Home Information Packs (HIPS) pending later aboliton. Inserts Regultion 5A(2) into 2007 Regulations requiring a seller of a residential property to have commissioned an energy performance certificate (epc) prior to marketing the property. Regulation 5A(3) introduces a new duty for persons such as estate agents acting on behalf of a seller of residential property not to market the property unless satisfied that an epc has been commissioned. Regulation 6 of the 2007 Regulations imposing a duty on persons providing written particulars of a building to include with those particulars either an asset rating of the building or an epc. has been amended. Instead of arising where a duty under section 155(1) or 159(2) of the Housing Act 2004 applies, the duty arises where a residential property is to be sold; and the duty only arises once a valid EPC has been obtained. Revokes the provision in Regulation 11 for an epc to be valid for a period of three years in cases where a duty under section 155(1) or 159(2) of the 2004 Act applies. Under regulation 11 as amended the period of validity of all epcs is now ten years. | ||
| 590 | _aKA NTK | ||
| 650 | 2 | 4 | _aENERGY PERFORMANCE OF BUILDINGS (CERTIFICATES AND INSPECTIONS) (ENGLAND AND WALES) (AMENDMENT) REGULATIONS 2010 |
| 650 | 2 | 4 | _aHOME INFORMATION PACKS (SUSPENSION) ORDER 2010 |
| 650 | 2 | 4 | _aENERGY PERFORMANCE OF BUILDINGS (CERTIFICATES AND INSPECTIONS) (ENGLAND AND WALES) REGULATIONS 2007 |
| 650 | 2 | 4 | _aHOUSING ACT 2004 |
| 651 | 4 |
_aEngland and Wales _y1543- |
|
| 690 | _aENVIRONMENTAL AND LAND CONSULTANCY-ENERGY-ENERGY USE-ENERGY EFFICIENCY | ||
| 856 | 4 | 8 |
_uhttps://www.opsi.gov.uk/si/si2010/pdf/uksi_20101456_en.pdf _zView this item free of charge at www.opsi.gov.uk |
| 942 | _n0 | ||
| 999 |
_c110691 _d110691 |
||